Country Flag - Red and White only - Statistics

General Stats
  • This quiz has been taken 12 times
  • The average score is 12 of 17
Answer Stats
Answer % Correct
Poland
100%
Monaco
91%
Austria
82%
Indonesia
82%
Turkey
82%
Canada
73%
Peru
73%
Singapore
73%
Tunisia
73%
Denmark
64%
Japan
64%
Latvia
64%
Qatar
64%
Bahrain
55%
Tonga
55%
Georgia
45%
Switzerland
27%
No matching quizzes found
Score Distribution
Percent of People with Each Score
Percentile by Number Answered
Your Score History
You have not taken this quiz